Úvod do termodynamiky /

Salvato in:
Dettagli Bibliografici
Autore principale: Leontovič, Michail Aleksandrovič (Autore)
Natura: Libro
Lingua:ceco
Pubblicazione: Praha : Technicko-vědecké vydavatelství, 1952
Soggetti:
Tags: Aggiungi Tag
Nessun Tag, puoi essere il primo ad aggiungerne!!

MARC

LEADER 00000nam a22000003a 4500
001 stu38607
005 20150617225725.4
008 921109s1952----cs------------------cze-d
040 |a STU  |b slo 
041 0 |a cze 
044 |a cs 
080 |a 536.7  |7 A000000260 
100 1 |a Leontovič, Michail Aleksandrovič  |4 aut 
245 1 |a Úvod do termodynamiky /  |c [aut.]M.A. Leontovič 
260 |a Praha :  |b Technicko-vědecké vydavatelství,  |c 1952 
300 |a 147 s 
650 7 |a termodynamika  |2 stusub 
996 |b 284M036621  |c M*1247-1  |l MMKN  |s A  |a 24  |w stu38607_0001